[Event "Preferente Aragonesa 2024 - Grupo II"]
[Site "?"]
[Date "2024.02.10"]
[Round "3.64"]
[White "Carretero Cacho, Juan Jose"]
[Black "Garcia Acin, Pablo"]
[Result "0-1"]
[WhiteElo "2010"]
[BlackElo "1976"]
[PlyCount "50"]
[GameId "2166508122898694"]
[EventDate "2024.01.27"]
[WhiteTeam "Agrupacion B"]
[BlackTeam "Iberajedrez Mundo 64 B"]

1. e4 c5 2. c3 d5 3. exd5 Qxd5 4. d4 Nf6 5. Nf3 Bg4 6. Nbd2 e6 7. Bc4 Qd8 8. Qb3 Qc7 9. Ne5 Nc6 10. Nxg4 Nxg4 11. Ne4 Be7 12. Be2 h5 13. Nxc5 Bxc5 14. dxc5 O-O-O 15. Qa4 Qe5 16. Qc4 g5 17. h3 Rd1+ 18. Kxd1 Nxf2+ 19. Kc2 Nxh1 20. Bf3 Kc7 21. Bd2 Nf2 22. b4 Rd8 23. Re1 Qf5+ 24. Be4 Nxe4 25. Rxe4 Nd4+ 0-1

[Event "Preferente Aragonesa 2024 - Grupo II"]
[Site "?"]
[Date "2024.02.10"]
[Round "3.65"]
[White "Jimenez Fernandez, Alejandro"]
[Black "Palasi Mainar, Miguel Angel"]
[Result "1-0"]
[WhiteElo "1948"]
[BlackElo "1814"]
[PlyCount "73"]
[GameId "2166508122931463"]
[EventDate "2024.01.27"]
[WhiteTeam "Iberajedrez Mundo 64 B"]
[BlackTeam "Agrupacion B"]

1. d4 d6 2. Nf3 g6 3. c4 Bg7 4. Nc3 Nd7 5. e4 e5 6. Be2 Ngf6 7. Be3 O-O 8. Nd2 exd4 9. Bxd4 Re8 10. O-O c6 11. Re1 a5 12. f3 d5 13. c5 Ng4 14. Bxg7 Ne3 15. Qa4 Qg5 16. Kf2 Nxc5 17. Qd4 Nc2 18. Bf6 Qf4 19. Qxc5 Qxf6 20. Rec1 Nxa1 21. Rxa1 d4 22. Na4 Be6 23. Nb6 Rad8 24. Bc4 Qf4 25. Nf1 Bxc4 26. Nxc4 Rxe4 27. Rd1 Rde8 28. Ng3 R4e6 29. Qxd4 Qc7 30. Ne4 Rxe4 31. fxe4 Qf4+ 32. Kg1 Rxe4 33. Qd8+ Kg7 34. Rf1 Qg4 35. Qf6+ Kh6 36. Nd6 Re2 37. Nf5+ 1-0

[Event "Preferente Aragonesa 2024 - Grupo II"]
[Site "?"]
[Date "2024.02.10"]
[Round "3.66"]
[White "Guerra Perez, Rafael"]
[Black "Martinez Sanz, Pablo"]
[Result "1/2-1/2"]
[WhiteElo "1803"]
[BlackElo "1728"]
[PlyCount "123"]
[GameId "2166508122972424"]
[EventDate "2024.01.27"]
[WhiteTeam "Agrupacion B"]
[BlackTeam "Iberajedrez Mundo 64 B"]

1. d4 d5 2. Nf3 Nf6 3. e3 e6 4. Bd3 b6 5. O-O Bd6 6. Nbd2 Bb7 7. Ne5 Nbd7 8. Ndf3 O-O 9. b3 Rc8 10. Bb2 c5 11. c4 Qc7 12. Rc1 dxc4 13. Bxc4 Rfd8 14. Qe2 Qb8 15. h3 cxd4 16. exd4 Ne4 17. Bd3 Ndf6 18. Qe3 Be7 19. Ng5 Nxg5 20. Qxg5 h6 21. Qg3 Nd5 22. Rxc8 Rxc8 23. Bc1 Bg5 24. Bxg5 hxg5 25. Re1 f6 26. Nc4 Qxg3 27. fxg3 Rc6 28. Bg6 Ba6 29. Be8 Rc7 30. Nd6 Re7 31. Rxe6 Rxe6 32. Bf7+ Kf8 33. Bxe6 Nc3 34. Bg4 Nxa2 35. Kf2 Nc1 36. Bd1 Na2 37. Ke3 Nb4 38. Bh5 Ke7 39. Nf5+ Kf8 40. Nd6 Ke7 41. Ne8 Kf8 42. Nc7 Nc2+ 43. Ke4 Bb7+ 44. d5 Nb4 45. Kd4 Ke7 46. Kc4 a5 47. Bf3 Kd7 48. d6 Bxf3 49. gxf3 Kxd6 50. Ne8+ Kc6 51. Nxg7 Nd5 52. Nf5 b5+ 53. Kd4 a4 54. bxa4 bxa4 55. Kc4 Nb6+ 56. Kb4 Kd5 57. Ne3+ Kd4 58. Ng4 f5 59. Nh6 Ke3 60. Nxf5+ Kxf3 61. h4 gxh4 62. gxh4 1/2-1/2

[Event "Preferente Aragonesa 2024 - Grupo II"]
[Site "?"]
[Date "2024.02.10"]
[Round "3.67"]
[White "Barranco Castillo, Jose Antonio"]
[Black "Pedrol Aguila, Mario"]
[Result "1-0"]
[WhiteElo "1653"]
[BlackElo "1713"]
[PlyCount "41"]
[GameId "2166508123009289"]
[EventDate "2024.01.27"]
[WhiteTeam "Iberajedrez Mundo 64 B"]
[BlackTeam "Agrupacion B"]

1. c4 b6 2. e4 Bb7 3. Nc3 e6 4. d4 Bb4 5. f3 d5 6. cxd5 exd5 7. Qa4+ Nc6 8. Be3 dxe4 9. O-O-O Bxc3 10. bxc3 Qd5 11. Bc4 Qa5 12. Qb3 O-O-O 13. fxe4 Nf6 14. e5 Ng4 15. Bg5 Nf2 16. Nf3 Nxh1 17. Rxh1 f6 18. exf6 Nxd4 19. cxd4 Bxf3 20. Bd2 Bd1 21. Qh3+ 1-0

[Event "Preferente Aragonesa 2024 - Grupo II"]
[Site "?"]
[Date "2024.02.10"]
[Round "3.68"]
[White "Muro Guerrero, Miguel"]
[Black "Romo Ramirez, Antonio"]
[Result "1-0"]
[WhiteElo "2055"]
[BlackElo "2015"]
[PlyCount "105"]
[GameId "2166508123062538"]
[EventDate "2024.01.27"]
[WhiteTeam "Dr. Azua"]
[BlackTeam "Teruel B"]

1. e4 g6 2. d4 Bg7 3. Nc3 c6 4. f4 d5 5. e5 Nh6 6. Nf3 Bg4 7. h3 Bxf3 8. Qxf3 Qb6 9. g4 Qxd4 10. Be3 Qb4 11. O-O-O e6 12. Bd3 d4 13. a3 Qb6 14. Bf2 Nd7 15. Ne4 Bf8 16. Nd6+ Bxd6 17. exd6 O-O-O 18. c3 c5 19. cxd4 cxd4 20. Be4 Nc5 21. Rxd4 Nb3+ 22. Kb1 Qxd4 23. Bxd4 Nd2+ 24. Kc2 Nxf3 25. Bxh8 Rxh8 26. Bxf3 Rd8 27. Rd1 f6 28. d7+ Rxd7 29. Rxd7 Kxd7 30. Bxb7 Nf7 31. Kd3 Nd6 32. Bf3 h6 33. Kd4 g5 34. fxg5 hxg5 35. a4 Kc7 36. Kc5 Nf7 37. b4 Ne5 38. Be4 Nd7+ 39. Kb5 Nb8 40. a5 Kd6 41. Kc4 Nd7 42. b5 Kc7 43. Kd4 Ne5 44. Bc2 Nf3+ 45. Ke4 Nd2+ 46. Kd3 Nf3 47. Bb3 Ne5+ 48. Ke4 Kd6 49. Kd4 Nd7 50. b6 axb6 51. a6 e5+ 52. Ke3 Kc6 53. Bd5+ 1-0

[Event "Preferente Aragonesa 2024 - Grupo II"]
[Site "?"]
[Date "2024.02.10"]
[Round "3.69"]
[White "Navarro Remon, Mario"]
[Black "Garcia Garcia, Enrique"]
[Result "1-0"]
[WhiteElo "1864"]
[BlackElo "1842"]
[PlyCount "81"]
[GameId "2166508123103499"]
[EventDate "2024.01.27"]
[WhiteTeam "Teruel B"]
[BlackTeam "Dr. Azua"]

1. c4 c5 2. g3 Nc6 3. Bg2 g6 4. Nf3 Bg7 5. O-O e6 6. Nc3 Nge7 7. d3 d5 8. cxd5 Nxd5 9. Nxd5 exd5 10. Rb1 O-O 11. a3 a5 12. Be3 b6 13. Qb3 h6 14. Rfe1 Be6 15. Qa4 Qd7 16. Bd2 Rac8 17. Bc3 Rfe8 18. Bxg7 Kxg7 19. Qb3 Qd6 20. Rbc1 Ne7 21. Qc3+ d4 22. Qc2 Nd5 23. Nd2 f5 24. Nc4 Qb8 25. e4 fxe4 26. Rxe4 Nf6 27. Ree1 Bf5 28. Qd2 g5 29. Rxe8 Rxe8 30. Re1 Rxe1+ 31. Qxe1 Bxd3 32. Qe7+ Kg8 33. Ne5 Qf8 34. Qe6+ Kg7 35. Nxd3 Qe8 36. Qxb6 Qe2 37. Nxc5 Ng4 38. Qb7+ Kh8 39. Qc8+ Kg7 40. Qd7+ Kf6 41. Qxd4+ 1-0

[Event "Preferente Aragonesa 2024 - Grupo II"]
[Site "?"]
[Date "2024.02.10"]
[Round "3.70"]
[White "Casas Castillero, Jose Antonio"]
[Black "Pache Marconell, Juan"]
[Result "0-1"]
[WhiteElo "1690"]
[BlackElo "1807"]
[PlyCount "78"]
[GameId "2166508123140364"]
[EventDate "2024.01.27"]
[WhiteTeam "Dr. Azua"]
[BlackTeam "Teruel B"]

1. Nf3 e6 2. d4 c5 3. c4 cxd4 4. Nxd4 a6 5. Nc3 Nf6 6. e3 Be7 7. Be2 d6 8. a3 O-O 9. e4 Nbd7 10. O-O Qc7 11. b3 b5 12. Bb2 bxc4 13. Bxc4 Ne5 14. Bd3 Bb7 15. Rc1 Qb6 16. Bc2 Rac8 17. Nf3 Ng6 18. Na4 Qd8 19. Qe2 Nf4 20. Qe3 e5 21. Rfd1 Ng4 22. Qe1 Qe8 23. g3 Nh3+ 24. Kg2 Nhxf2 25. Rd2 Rxc2 26. Rcxc2 Nxe4 27. Re2 Ng5 28. Rc3 Nxf3 29. Rxf3 Qc6 30. Qc3 Qxf3+ 31. Qxf3 Bxf3+ 32. Kxf3 f5 33. Nc3 Nf6 34. Rd2 Rc8 35. h3 Kf7 36. b4 Ke6 37. a4 d5 38. Na2 Ne4 39. Re2 Rc4 0-1

[Event "Preferente Aragonesa 2024 - Grupo II"]
[Site "?"]
[Date "2024.02.10"]
[Round "3.71"]
[White "Arpa Pardos, Emilio"]
[Black "De Francisco Torres, Javier"]
[Result "1-0"]
[WhiteElo "1799"]
[BlackElo "1183"]
[PlyCount "129"]
[GameId "2166508123230477"]
[EventDate "2024.01.27"]
[WhiteTeam "Teruel B"]
[BlackTeam "Dr. Azua"]

1. e4 c5 2. g3 d6 3. c3 Nc6 4. d4 cxd4 5. cxd4 Nf6 6. Nc3 g6 7. Bg2 Bg7 8. h3 O-O 9. Nf3 Nd7 10. O-O e5 11. Be3 h6 12. d5 Ne7 13. Qc1 Kh7 14. Nb5 Nf6 15. Nd2 Ne8 16. Nc4 b6 17. a4 Ba6 18. Ra3 Rc8 19. Rc3 Qd7 20. Nca3 Nf6 21. Rd1 Rxc3 22. Qxc3 Rc8 23. Qb4 Ne8 24. Rc1 Rxc1+ 25. Bxc1 f5 26. Kh2 Bc8 27. Nc4 fxe4 28. Ncxd6 Nxd5 29. Qc4 Nxd6 30. Nxd6 Qxd6 31. Qxc8 Nf6 32. Qb7 Qd7 33. Qxd7 Nxd7 34. Bxe4 Nc5 35. Bc2 Bf6 36. h4 Kg7 37. Be3 Na6 38. a5 bxa5 39. Bxa7 Nb4 40. Be4 g5 41. Bb6 a4 42. Bc5 Na6 43. Bd6 Kf7 44. Bd5+ Ke8 45. Bc6+ Kf7 46. hxg5 hxg5 47. Bxa4 Ke6 48. Ba3 Nc7 49. Bc6 Na6 50. b4 Nb8 51. b5 Bd8 52. Kh3 Kf5 53. Bd6 g4+ 54. Kg2 Nxc6 55. bxc6 Ke4 56. c7 Bxc7 57. Bxc7 Kd4 58. f3 Kd5 59. fxg4 Ke6 60. Kf3 Kf6 61. Ke4 Kg5 62. Kxe5 Kxg4 63. Kf6 Kh5 64. Bf4 Kg4 65. Kg6 1-0

[Event "Campeonato de Aragon por Equipos 2024 - "]
[Site "?"]
[Date "2024.02.17"]
[Round "4.1"]
[White "Laliena Solanes, Luis"]
[Black "Glavina, Pablo"]
[Result "0-1"]
[WhiteElo "2159"]
[BlackElo "2406"]
[PlyCount "118"]
[GameId "2166508123275534"]
[EventDate "2024.01.27"]
[WhiteTeam "ONCE C. A. Aragon"]
[BlackTeam "MyInvestor Casablanca A"]

1. Nf3 d5 2. e3 Nf6 3. c4 e6 4. Nc3 Be7 5. b3 O-O 6. Bb2 c5 7. cxd5 exd5 8. d4 Ne4 9. dxc5 Bf6 10. Rc1 Nc6 11. a3 Nxc5 12. Be2 d4 13. Nb5 Qa5+ 14. b4 Nxb4 15. O-O d3 16. Rxc5 dxe2 17. Qxe2 Na6 18. Rcc1 Bxb2 19. Qxb2 Qb6 20. a4 Bd7 21. Qd4 Rfd8 22. Qxb6 axb6 23. Nc7 Rac8 24. Nd5 Rxc1 25. Rxc1 Bxa4 26. Nxb6 Rd1+ 27. Rxd1 Bxd1 28. Kf1 Bxf3 29. gxf3 Kf8 30. Ke2 Ke7 31. Kd3 Kd6 32. e4 Nc5+ 33. Kd4 Ne6+ 34. Ke3 Kc5 35. Nd7+ Kd6 36. Nb6 f6 37. f4 Kc5 38. Na4+ Kb5 39. Nb2 Kb4 40. f5 Nd8 41. f4 Nc6 42. Nd3+ Kc3 43. e5 b5 44. Ke4 Ne7 45. Nc5 b4 46. Na4+ Kc2 47. Kd4 b3 48. Kc5 fxe5 49. fxe5 Nxf5 50. Kd5 b2 51. Nxb2 Kxb2 52. Ke6 g6 53. Kf6 Kc3 54. e6 Kd4 55. h4 Ke4 56. Kg5 Ke5 57. e7 Nxe7 58. Kh6 Nf5+ 59. Kg5 Nxh4 0-1

[Event "Campeonato de Aragon por Equipos 2024 - "]
[Site "?"]
[Date "2024.02.17"]
[Round "4.2"]
[White "Adla, Diego"]
[Black "Baigorri Navarro, Francisco Javier"]
[Result "1/2-1/2"]
[WhiteElo "2383"]
[BlackElo "2137"]
[PlyCount "58"]
[GameId "2166508123312399"]
[EventDate "2024.01.27"]
[WhiteTeam "MyInvestor Casablanca A"]
[BlackTeam "ONCE C. A. Aragon"]

1. e4 e5 2. Nf3 Nf6 3. Nxe5 d6 4. Nf3 Nxe4 5. d3 Nf6 6. d4 d5 7. Bd3 Be7 8. O-O Bg4 9. Re1 O-O 10. Bf4 Nc6 11. c3 Qd7 12. Nbd2 Nh5 13. Be3 Nf6 14. Qc2 g6 15. b4 a6 16. Ne5 Nxe5 17. dxe5 Ne8 18. Nb3 Ng7 19. Bc5 Rfe8 20. f4 Bf5 21. Rad1 Bxc5+ 22. Nxc5 Qc6 23. Bxf5 Nxf5 24. Qd3 a5 25. Qxd5 Qxd5 26. Rxd5 axb4 27. cxb4 Rxa2 28. g3 Rea8 29. Nxb7 Rb2 1/2-1/2

[Event "Campeonato de Aragon por Equipos 2024 - "]
[Site "?"]
[Date "2024.02.17"]
[Round "4.3"]
[White "Sanz Lopez, Ruben"]
[Black "Roldan Marques, Daniel"]
[Result "0-1"]
[WhiteElo "1789"]
[BlackElo "2157"]
[PlyCount "76"]
[GameId "2166508123349264"]
[EventDate "2024.01.27"]
[WhiteTeam "ONCE C. A. Aragon"]
[BlackTeam "MyInvestor Casablanca A"]

1. d4 d5 2. Nf3 e6 3. e3 Nf6 4. Bd3 c5 5. b3 Nc6 6. Bb2 Bd6 7. Nbd2 O-O 8. a3 b6 9. Ne5 Ne7 10. O-O Bb7 11. f4 Nf5 12. Qf3 h5 13. Rae1 Qe7 14. dxc5 Bxc5 15. b4 Bd6 16. Qh3 g6 17. e4 dxe4 18. Nxe4 Nxe4 19. Bxe4 Bxe5 20. Bxe5 Bxe4 21. Rxe4 f6 22. Bb2 Rad8 23. Qb3 Kf7 24. Rfe1 Rfe8 25. a4 a5 26. Qc3 Rc8 27. Qb3 axb4 28. Rxb4 Qc5+ 29. Kf1 Rc6 30. Rb5 Qd6 31. Rb4 Rxc2 32. Qxc2 Qxb4 33. Re4 Qc5 34. Qe2 Qd6 35. Qc2 Rd8 36. Ke2 Qd5 37. g3 Rd7 38. Qc3 Qxe4+ 0-1

[Event "Campeonato de Aragon por Equipos 2024 - "]
[Site "?"]
[Date "2024.02.17"]
[Round "4.4"]
[White "Antonano Fernandez-Quincoces, Avelino"]
[Black "Carilla Garcia, Angel"]
[Result "1-0"]
[WhiteElo "1903"]
[BlackElo "1660"]
[PlyCount "44"]
[GameId "2166508123390225"]
[EventDate "2024.01.27"]
[WhiteTeam "MyInvestor Casablanca A"]
[BlackTeam "ONCE C. A. Aragon"]

1. e4 e6 2. d4 d5 3. Nd2 Nf6 4. Bd3 dxe4 5. Nxe4 Nbd7 6. Nf3 Nxe4 7. Bxe4 Nf6 8. Bg5 Be7 9. Bxf6 gxf6 10. Qe2 c6 11. O-O-O Qa5 12. Kb1 Bd7 13. Rhe1 O-O-O 14. Nd2 Qb6 15. Nb3 Kb8 16. Qh5 Rdf8 17. Re3 f5 18. Bxf5 a5 19. Be4 Be8 20. Qxa5 Qxa5 21. Nxa5 Bg5 22. Rb3 Kc7 1-0

[Event "Campeonato de Aragon por Equipos 2024 - "]
[Site "?"]
[Date "2024.02.17"]
[Round "4.5"]
[White "Barranco Mananet, Fernando"]
[Black "Ramiro Ovejero, Juan Luis"]
[Result "0-1"]
[WhiteElo "2013"]
[BlackElo "2317"]
[PlyCount "51"]
[GameId "2166508123431186"]
[EventDate "2024.01.27"]
[WhiteTeam "Monzon"]
[BlackTeam "Jaime Casas"]

1. e4 e5 2. Nf3 Nc6 3. d4 exd4 4. Nxd4 Nf6 5. Nxc6 bxc6 6. e5 Qe7 7. Qe2 Nd5 8. c4 Nb6 9. b3 g6 10. Bb2 Bg7 11. Nd2 d5 12. O-O-O O-O 13. f4 a5 14. a3 Rb8 15. Qf2 Be6 16. Be2 dxc4 17. Nxc4 Bxc4 18. Bxc4 Nxc4 19. bxc4 Rb6 20. Kc2 Rfb8 21. Rb1 Qe6 22. Qd4 Qf5+ 23. Kc1 c5 24. Qf2 Qe4 25. Rf1 Bf8 26. Ra1 0-1

[Event "Campeonato de Aragon por Equipos 2024 - "]
[Site "?"]
[Date "2024.02.17"]
[Round "4.6"]
[White "Fontana Sotomayor, Luis Javier"]
[Black "Buil Solana, Mario"]
[Result "1-0"]
[WhiteElo "2209"]
[BlackElo "1855"]
[PlyCount "67"]
[GameId "2166508123472147"]
[EventDate "2024.01.27"]
[WhiteTeam "Jaime Casas"]
[BlackTeam "Monzon"]

1. b3 d5 2. Bb2 Nf6 3. e3 Bf5 4. Nf3 e6 5. Be2 h6 6. O-O Be7 7. d3 O-O 8. c4 c5 9. Nc3 Nc6 10. cxd5 Nxd5 11. Nxd5 exd5 12. d4 Bf6 13. Qd2 cxd4 14. Nxd4 Be6 15. Nxc6 bxc6 16. Bxf6 Qxf6 17. Rac1 Rfc8 18. Ba6 Rc7 19. Qa5 Qe7 20. Rc5 Bc8 21. Bd3 Qd6 22. Rfc1 Bd7 23. Rxd5 Qxd5 24. Qxd5 cxd5 25. Rxc7 Be6 26. Ba6 Kf8 27. Kf1 Ke8 28. Ke1 Kd8 29. Rb7 Ke8 30. Ke2 Bc8 31. Bb5+ Kf8 32. Rc7 Rb8 33. Bc6 Be6 34. Rxa7 1-0

[Event "Campeonato de Aragon por Equipos 2024 - "]
[Site "?"]
[Date "2024.02.17"]
[Round "4.7"]
[White "Rodriguez Aranda, Kevin"]
[Black "Newrkla, Katharina"]
[Result "0-1"]
[WhiteElo "1792"]
[BlackElo "2209"]
[PlyCount "44"]
[GameId "2166508123525396"]
[EventDate "2024.01.27"]
[WhiteTeam "Monzon"]
[BlackTeam "Jaime Casas"]

1. e4 c5 2. Nf3 d6 3. d4 cxd4 4. Nxd4 Nf6 5. Nc3 a6 6. Be2 e5 7. Nb3 Be7 8. Be3 Be6 9. O-O O-O 10. f4 exf4 11. Bxf4 Nc6 12. Kh1 Rc8 13. Nd4 Ne5 14. Nxe6 fxe6 15. Bxe5 dxe5 16. Rf3 Qb6 17. b3 Rxc3 18. Rxc3 Nxe4 19. Rf3 Rxf3 20. gxf3 Nf2+ 21. Kg2 Nxd1 22. Rxd1 Bh4 0-1

[Event "Campeonato de Aragon por Equipos 2024 - "]
[Site "?"]
[Date "2024.02.17"]
[Round "4.8"]
[White "Roque Sola, Jose Luis"]
[Black "Garcia Estruch, Jorge"]
[Result "1-0"]
[WhiteElo "2129"]
[BlackElo "1634"]
[PlyCount "53"]
[GameId "2166508123570453"]
[EventDate "2024.01.27"]
[WhiteTeam "Jaime Casas"]
[BlackTeam "Monzon"]

1. e4 e5 2. Nf3 Nc6 3. Bb5 a6 4. Ba4 Nf6 5. O-O Be7 6. d3 d6 7. Re1 b5 8. Bb3 O-O 9. a4 Bb7 10. Nbd2 Na5 11. Ba2 c5 12. Nf1 Nc6 13. c3 b4 14. Ne3 Bc8 15. d4 bxc3 16. bxc3 Nxe4 17. Nd5 Nf6 18. dxe5 Nxe5 19. Nxe5 dxe5 20. Rxe5 Bd6 21. Nxf6+ Qxf6 22. Rd5 Be5 23. Bd2 Bb7 24. Rxc5 Bxh2+ 25. Kf1 Rfc8 26. Qh5 Bd6 27. Rf5 1-0

[Event "Campeonato de Aragon por Equipos 2024 - "]
[Site "?"]
[Date "2024.02.17"]
[Round "4.9"]
[White "Fernandez Guillen, Ernesto J"]
[Black "Guzman Moneo, Alberto"]
[Result "1-0"]
[WhiteElo "2465"]
[BlackElo "2170"]
[PlyCount "37"]
[GameId "2166508123676950"]
[EventDate "2024.01.27"]
[WhiteTeam "Marcos Frechin A"]
[BlackTeam "Helios"]

1. e4 c5 2. Nc3 Nc6 3. Bb5 e6 4. Bxc6 bxc6 5. Nf3 d5 6. d3 Ba6 7. O-O c4 8. Re1 d4 9. Ne2 c5 10. c3 Qb6 11. dxc4 Bxc4 12. cxd4 Nf6 13. Nc3 O-O-O 14. Bf4 Ba6 15. Rc1 Kb7 16. Na4 Qb5 17. Qc2 Rc8 18. b4 c4 19. Nc3 1-0

[Event "Campeonato de Aragon por Equipos 2024 - "]
[Site "?"]
[Date "2024.02.17"]
[Round "4.10"]
[White "Eizaguerri Floris, Maria"]
[Black "Hinojar Basa, Alfonso"]
[Result "1-0"]
[WhiteElo "2127"]
[BlackElo "2215"]
[PlyCount "81"]
[GameId "2166508123730199"]
[EventDate "2024.01.27"]
[WhiteTeam "Helios"]
[BlackTeam "Marcos Frechin A"]

1. d4 d5 2. Nf3 Nf6 3. c4 e6 4. g3 Be7 5. Bg2 O-O 6. O-O c6 7. Qc2 b6 8. Nbd2 Bb7 9. e4 Na6 10. e5 Nd7 11. cxd5 Nb4 12. Qd1 Nxd5 13. Ne4 c5 14. dxc5 Nxc5 15. Nxc5 Bxc5 16. Ng5 Be7 17. Qg4 Qd7 18. Rd1 Rac8 19. Be4 g6 20. Nxh7 Kxh7 21. Qh5+ Kg8 22. Bxg6 fxg6 23. Qxg6+ Kh8 24. Qh6+ Kg8 25. Rd4 Rxc1+ 26. Rxc1 Rf4 27. gxf4 Bf8 28. Qg5+ Qg7 29. Qxg7+ Kxg7 30. f5 exf5 31. Rcd1 Ne7 32. Rd7 Bf3 33. R1d6 Kf7 34. Rxa7 b5 35. h4 Bg7 36. Rdd7 Bf8 37. Ra6 Bg7 38. e6+ Kf6 39. Raa7 Bf8 40. Rd8 Kg7 41. Re8 1-0

[Event "Campeonato de Aragon por Equipos 2024 - "]
[Site "?"]
[Date "2024.02.17"]
[Round "4.11"]
[White "Miranda Herrera, Jorge Manuel"]
[Black "Cerrajeria Ruiz, Jesus Maria"]
[Result "1/2-1/2"]
[WhiteElo "2091"]
[BlackElo "2060"]
[PlyCount "132"]
[GameId "2166508123775256"]
[EventDate "2024.01.27"]
[WhiteTeam "Marcos Frechin A"]
[BlackTeam "Helios"]

1. e4 g6 2. d4 Bg7 3. Nc3 c5 4. d5 d6 5. Be2 Nf6 6. h4 e6 7. dxe6 Bxe6 8. Bf4 Qa5 9. Qd2 O-O 10. Nf3 Nc6 11. O-O d5 12. exd5 Nxd5 13. Nxd5 Qxd2 14. Nxd2 Bxd5 15. c3 Rfe8 16. Rfe1 Re6 17. Be3 Rae8 18. Kf1 f5 19. g3 b6 20. c4 Bh1 21. Kg1 Be4 22. Nxe4 fxe4 23. Rad1 Nd4 24. Bg4 R6e7 25. Bg5 Rf7 26. Rd2 h6 27. Bf4 h5 28. Bd1 Bf6 29. Be3 Rfe7 30. Kg2 Kg7 31. Kh3 Nf5 32. Ba4 Rf8 33. Bf4 Bd4 34. Rde2 Rd8 35. Bc2 Rde8 36. b3 Re6 37. Rxe4 Rxe4 38. Rxe4 Rxe4 39. Bxe4 Bxf2 40. Bb8 a6 41. Bb7 a5 42. Be5+ Kf7 43. Bd5+ Ke7 44. Be4 Ke6 45. Bxf5+ Kxf5 46. Bc7 Be1 47. Bxb6 Bb4 48. a3 Bxa3 49. Bxa5 Ke4 50. Kg2 Ke3 51. Bc7 Kd3 52. Kf3 Bc1 53. Bf4 Bxf4 54. Kxf4 Kc3 55. Kg5 Kxb3 56. Kxg6 Kxc4 57. Kxh5 Kd3 58. g4 c4 59. g5 c3 60. g6 c2 61. g7 c1=Q 62. g8=Q Qc5+ 63. Qg5 Qf8 64. Kg4 Ke4 65. Qg6+ Ke5 66. Qg5+ Ke4 1/2-1/2

[Event "Campeonato de Aragon por Equipos 2024 - "]
[Site "?"]
[Date "2024.02.17"]
[Round "4.12"]
[White "Lacamara Pasamar, Miguel"]
[Black "Moya Gimeno, Raul"]
[Result "1/2-1/2"]
[WhiteElo "1887"]
[BlackElo "1928"]
[PlyCount "82"]
[GameId "2166508123812121"]
[EventDate "2024.01.27"]
[WhiteTeam "Helios"]
[BlackTeam "Marcos Frechin A"]

1. e4 c5 2. Nf3 Nc6 3. d4 cxd4 4. Nxd4 Nf6 5. Nc3 e5 6. Ndb5 d6 7. Bg5 a6 8. Na3 b5 9. Nd5 Be7 10. Bxf6 Bxf6 11. c3 Bg5 12. Nc2 O-O 13. a4 bxa4 14. Rxa4 a5 15. Bc4 Rb8 16. b3 g6 17. Nce3 Kh8 18. h4 Bxh4 19. g3 Bg5 20. f4 exf4 21. gxf4 Bh4+ 22. Kf1 f5 23. Ra2 fxe4 24. Rah2 g5 25. Qh5 Rb7 26. Ke2 Be6 27. Qh6 Bg8 28. Rg1 gxf4 29. Rxh4 fxe3 30. Rg6 Ne5 31. Rxd6 Rf2+ 32. Kxe3 Nxc4+ 33. bxc4 Qf8 34. Qxf8 Rxf8 35. Ra6 Rb1 36. Kxe4 Rd1 37. Rxa5 Re8+ 38. Kf3 Rf1+ 39. Kg3 Bxd5 40. Rxd5 Rg8+ 41. Kh2 Rf2+ 1/2-1/2

[Event "Campeonato de Aragon por Equipos 2024 - "]
[Site "?"]
[Date "2024.02.17"]
[Round "4.13"]
[White "Portero Garnica, Miguel Angel"]
[Black "Cifuentes Parada, Roberto"]
[Result "0-1"]
[WhiteElo "2022"]
[BlackElo "2380"]
[PlyCount "100"]
[GameId "2166508123853082"]
[EventDate "2024.01.27"]
[WhiteTeam "Marcos Frechin B"]
[BlackTeam "Jaque - Aramovil"]

1. e4 c5 2. Nf3 e6 3. d4 cxd4 4. Nxd4 Nc6 5. Nc3 d6 6. Be2 Nf6 7. O-O Be7 8. Be3 Bd7 9. f4 Nxd4 10. Qxd4 Bc6 11. Bf3 O-O 12. Rad1 a6 13. f5 e5 14. Qd2 h6 15. g4 b5 16. Qg2 b4 17. Nd5 Bxd5 18. exd5 Re8 19. g5 hxg5 20. Bxg5 Nh7 21. Bd2 Bg5 22. c4 Bxd2 23. Rxd2 Rc8 24. b3 Qh4 25. Re2 Ng5 26. Bg4 f6 27. Re3 Kf7 28. Qg3 Rh8 29. Kg2 a5 30. h3 Ke7 31. Qxh4 Rxh4 32. Rc1 Rhh8 33. Kg3 Nf7 34. Be2 Nd8 35. Kf2 Nb7 36. Rg3 Kf8 37. Rcg1 Rc7 38. Bd3 Nc5 39. Bc2 Rh4 40. Rf3 a4 41. Kg3 Rd4 42. Rb1 axb3 43. Bxb3 Ne4+ 44. Kg2 Nd2 45. Rbf1 Nxf1 46. Rxf1 g5 47. fxg6 Kg7 48. Rf3 Re7 49. Kf2 e4 50. Rg3 f5 0-1

[Event "Campeonato de Aragon por Equipos 2024 - "]
[Site "?"]
[Date "2024.02.17"]
[Round "4.14"]
[White "Escartin Lacasa, Jose"]
[Black "Atares Buisan, Sergio"]
[Result "1-0"]
[WhiteElo "2252"]
[BlackElo "1937"]
[PlyCount "145"]
[GameId "2166508123889947"]
[EventDate "2024.01.27"]
[WhiteTeam "Jaque - Aramovil"]
[BlackTeam "Marcos Frechin B"]

1. d4 Nf6 2. Nf3 c5 3. d5 e6 4. Nc3 d6 5. e4 exd5 6. Nxd5 Nxd5 7. Qxd5 Be7 8. Ng5 O-O 9. Bc4 Bxg5 10. Bxg5 Qb6 11. O-O-O Be6 12. Qd3 Re8 13. Qg3 Bxc4 14. Rxd6 Nc6 15. Bh6 g6 16. Qc3 Nd4 17. Rxd4 cxd4 18. Qxc4 Rxe4 19. f3 Ree8 20. Rd1 Rad8 21. Bg5 Rd6 22. Bf4 Rd7 23. a3 Qf6 24. Bg3 Red8 25. Rd3 a6 26. Kb1 b5 27. Qc5 Rd5 28. Qc7 Qe6 29. Qa5 Rc8 30. Qd2 Qc6 31. Bf2 Rc5 32. Rxd4 Qe8 33. c3 Re5 34. Qh6 a5 35. Rh4 Re1+ 36. Bxe1 Qxe1+ 37. Kc2 Qe2+ 38. Qd2 Qe5 39. g3 Qf5+ 40. Qd3 Qf6 41. Rf4 Qe6 42. Qxb5 Rd8 43. Qc4 Qd7 44. Rd4 Qe7 45. Rxd8+ Qxd8 46. Qd3 Qb6 47. Qd4 Qa6 48. c4 a4 49. Qd5 Qb6 50. c5 Qb5 51. Kb1 h6 52. f4 Kf8 53. f5 Qf1+ 54. Ka2 gxf5 55. c6 Qc1 56. Qd8+ Kg7 57. Qd4+ Kh7 58. Qxa4 Qc5 59. Qb3 Kg6 60. Qc3 Qd5+ 61. b3 Qg2+ 62. Kb1 Qf1+ 63. Kb2 Qf2+ 64. Qc2 Qd4+ 65. Ka2 Qd8 66. c7 Qc8 67. g4 Kg7 68. gxf5 Kh8 69. f6 Kg8 70. a4 h5 71. Qg2+ Kf8 72. Qd5 Qxc7 73. Qa8+ 1-0

[Event "Campeonato de Aragon por Equipos 2024 - "]
[Site "?"]
[Date "2024.02.17"]
[Round "4.15"]
[White "Perez Tomas, Juan Manuel"]
[Black "Ereza Vizcarra, Fernando"]
[Result "1-0"]
[WhiteElo "1862"]
[BlackElo "2166"]
[PlyCount "59"]
[GameId "2166508123930908"]
[EventDate "2024.01.27"]
[WhiteTeam "Marcos Frechin B"]
[BlackTeam "Jaque - Aramovil"]

1. e4 c5 2. Nf3 Nc6 3. Bb5 e6 4. O-O Nge7 5. c3 a6 6. Ba4 b5 7. Bc2 Bb7 8. Re1 d5 9. a4 d4 10. axb5 axb5 11. Rxa8 Bxa8 12. Na3 Qb8 13. Qe2 b4 14. Nb5 dxc3 15. bxc3 Nc8 16. d4 cxd4 17. cxd4 Be7 18. d5 Nd8 19. Bb2 O-O 20. Be5 Nd6 21. Bxd6 Bxd6 22. e5 Bc5 23. Bxh7+ Kxh7 24. Ng5+ Kh6 25. Qg4 f6 26. Qh4+ Kg6 27. Qh7+ Kxg5 28. Qxg7+ Kh5 29. Qh7+ Kg5 30. h4+ 1-0